[Event "Munich SKA"]
[Site "Munich"]
[Date "1994.06.01"]
[Round "10"]
[White "Gelfand, Boris"]
[Black "Nikolic, Predrag"]
[Result "1-0"]
[WhiteElo "2685"]
[BlackElo "2625"]
[Annotator "Gelfand,B"]
[PlyCount "83"]
[EventDate "1994.05.21"]
[EventType "tourn"]
[EventRounds "11"]
[EventCountry "GER"]
[EventCategory "16"]
[SourceTitle "CBM 042"]
[Source "ChessBase"]
[SourceDate "1994.10.01"]
[SourceVersion "1"]
[SourceVersionDate "1994.10.01"]
[SourceQuality "1"]

1. d4 {Dautov} f5 2. Nc3 d5 3. e4 dxe4 4. Bf4 (4. f3 $2 {Dautov} e5 $1 5. dxe5
Qxd1+ 6. Kxd1 Be6 $15) 4... Nf6 5. f3 exf3 $5 $146 (5... e6) (5... Nc6 {Dautov}
6. Bb5 e6 7. fxe4 fxe4 8. Nge2 Be7 9. Be5 O-O 10. Bxf6 Bxf6 11. Bxc6 bxc6 12.
Nxe4 Ba6 13. O-O Bxd4+ 14. Qxd4 Rxf1+ 15. Rxf1 Bxe2 $15 {Brueckner-Fleck/BL
8788}) (5... e6 {Dautov} 6. Bc4 Nc6 7. fxe4 fxe4 8. Nge2 Be7 (8... Na5 9. Bb3 (
9. Bb5+ $1 Bd7 10. O-O $14) 9... Nxb3 10. axb3 Bd7 11. Ng3 Bc6 $10 {
Benjamin-Malaniuk/Moscow/1987}) 9. a3 O-O 10. O-O Kh8 11. Kh1 b6 12. Qe1 Nd5 $1
13. Rd1 Na5 14. Ba2 Ba6 15. Rf2 Nc4 $17 {Dannevig-Borge/Oslo-B/1992}) 6. Nxf3
e6 7. Bc4 Bd6 8. Qd2 (8. Ne5 $5 {Dautov} O-O 9. Qe2 Bb4 $13) 8... O-O 9. O-O-O
c6 (9... Bxf4 10. Qxf4 Qd6 11. Ne5 $44) 10. Bg5 (10. Rhe1 $5 Nd5 11. Bxd5 (11.
Bxd6 {Dautov} Qxd6 12. g4 fxg4 13. Ne5 Nd7 14. Ne4 Qc7 15. Nxg4 Qf4 16. Qxf4
Rxf4 17. h3 N7f6 18. Ngxf6+ gxf6 19. Nd6 $44) 11... cxd5 $1 (11... exd5 12. Re2
Na6 13. Rde1 $36) 12. Nb5 Bxf4 13. Qxf4 Nc6 $13) (10. Ne5 {Dautov} b5 11. Bb3
a5 12. a4 b4 13. Ne2 Nd5 14. g4 fxg4 15. Bg5 Qc7 16. Nxg4 $13) 10... Na6 (10...
Qc7 11. d5 $5 (11. Rhe1 {Dautov} Nd5 {/\} 12. Ne5 $6 Nd7 $17) (11. Bxf6 $2 Bf4
$19) 11... cxd5 12. Bxd5 exd5 13. Nxd5 Qc4 (13... Qf7 14. Nxf6+ gxf6 15. Qxd6
fxg5 16. Nxg5 Qg7 17. Qf4 $40) 14. Nxf6+ gxf6 15. Qxd6 fxg5 16. Nxg5 Qxa2 17.
Qe7 Qa1+ 18. Kd2 Qa5+ 19. Ke2 (19. Kc1 $10) 19... Qb5+ 20. Ke1 $4 Qe8 $19) 11.
Qe1 $6 (11. Qe2 Nc7 12. g4 Ncd5 $1 13. gxf5 Nxc3 14. bxc3 Qa5 $40) (11. Rhe1 $5
) 11... Nc7 12. g4 b5 (12... Ncd5 $6 13. gxf5) (12... fxg4 13. Ne5 $40) 13. Bb3
b4 (13... a5 14. gxf5 a4 15. Bxe6+ Bxe6 16. fxe6 Re8 17. Ne4 $16) 14. Ne2 $6 (
14. Na4 Ncd5 $13) 14... Ncd5 (14... fxg4 $6 {Dautov} 15. Ne5 Qe8 16. h3 (16.
Bxf6 gxf6 17. Nxg4 Qh5 18. Rg1 Kh8 $15 {/\Bd7}) (16. Rg1 $5 Ne4 17. Bh4 (17.
Rxg4 $2 Nf2 $17) 17... h5 18. Ng3 Nf2 19. Nxh5 $1 (19. Rd2 $2 Nh3 $17) 19...
Nxd1 20. Nxg7 Kxg7 21. Qxd1 Rf4 22. Nxg4 $40) 16... Ne4 17. Bh4 gxh3 18. Rxh3
$44) 15. gxf5 (15. Ne5 Qc7 (15... h6 $5) 16. gxf5 Bxe5 (16... exf5 17. Bxf6
Rxf6 18. Nf4 $36) (16... Ne4 $1 {Dautov} 17. Bh4 exf5 18. Nf4 Kh8 (18... Bb7
19. Ne6 Qc8 20. Nxf8 Bxf8 21. Rg1 $14) 19. Nxd5 cxd5 20. Bxd5 Bb7 21. Bd8 Qxd8
22. Bxb7 Qg5+ 23. Kb1 Rad8 24. Bxe4 Bxe5 25. Rg1 $14) 17. dxe5 Ne4 $1 $17 (
17... Qxe5 18. Nd4 $36)) 15... exf5 16. Ne5 Be6 $1 $17 17. Rg1 (17. Nxc6 Qc7
$17 (17... Qc7 {Dautov} 18. Ng3 Rae8 19. Ne5 f4 20. Ne4 Nxe4 21. Qxe4 Ne3 22.
Bxe6+ Rxe6 23. Bxf4 Nxd1 24. Rxd1 $15)) 17... Qe8 (17... a5 $5 18. Bxd5 (18.
Bh6 {Dautov} Ng4 19. Nxg4 fxg4 20. Nf4 $1 Bxf4+ 21. Bxf4 Nxf4 22. Bxe6+ Kh8 23.
Rxg4 Qd6 24. Bc4 $10) 18... Bxd5 19. Nf4 $13) (17... Qc7 $5 18. Bh6 $140 Ng4
19. Bxg7 Qxg7 20. h3 Qh6+ $19) 18. Bh6 Ng4 19. Bxg7 (19. Nxg4 $6 {Dautov} fxg4
20. Bxd5 cxd5 $17) 19... Kxg7 20. h3 Kh8 (20... Bxe5 21. dxe5 f4 22. Nd4) (
20... f4 21. Nxg4 Kh8 $1 $17 (21... f3 $2 22. Nf6+ $1 $18)) 21. hxg4 fxg4 22.
Rh1 (22. Ng3 $5 a5 23. Ba4 $13) (22. Nxg4 $2 {Dautov} Bxg4 23. Rxg4 Ne3 $17)
22... Bxe5 (22... Bf5 23. Ng3 Bxe5 24. dxe5 Bg6 25. e6 $36) (22... a5 $2 {
Dautov} 23. Rxh7+ $1 Kxh7 24. Qh4+ Kg7 25. Qg5+ $18) 23. dxe5 Qg6 24. Nd4 (24.
Qd2 Rae8 25. Rh6 Qg7 $17) 24... a5 25. Qd2 (25. Nxc6 $5) (25. Nxe6 Qxe6 26. Qe4
(26. Bc4 Ra7 27. Bd3 Rg7 (27... Nf4 $5)) 26... Ra7 27. Bxd5 cxd5 28. Rxd5 Rg7
$17) (25. Nxc6 {Dautov} Rfc8 26. Bxd5 (26. Nd4 $2 a4 27. Bxd5 Bxd5 $17) 26...
Bxd5 27. Rxd5 Rxc6 28. Rd2 Rac8 29. Qd1 Qg5 30. Kb1 $13) 25... Bg8 26. Rh6 Qg7
$1 (26... Qe4 $2 27. Nxc6) 27. Nxc6 g3 $1 (27... Rf2 $2 28. Rxh7+) 28. Rhh1 Rf2
(28... Nf4 $1 {Dautov} 29. Bxg8 Qxg8 30. Kb1 g2 31. Rhg1 Rae8 $17) 29. Qd4 Nf4
30. Kb1 Rf8 (30... Bxb3 31. axb3 Ne6 $3 32. Qc4 Re8 $17 {\-+}) 31. Bxg8 Rxg8 (
31... Kxg8 32. Nd8) (31... Kxg8 $142 {Dautov}) 32. Nd8 $3 Rf8 (32... Ne2 33.
Qe3 g2 $2 (33... Qg6 34. Ka1 $1 Qxc2 (34... Nc3 35. Rd7 g2 (35... h5 36. e6 g2
37. Qe5+ Rg7 38. Nf7+ $1 $18) 36. Rhxh7+ Qxh7 37. Rxh7+ Kxh7 38. Qh3+ $10) 35.
e6) 34. Qxf2 gxh1=Q 35. Rxh1 $16) (32... Rf3 $2 {Dautov /\g2} 33. Rxh7+ $1 Kxh7
34. Rh1+ Qh6 (34... Kg6 35. Qe4+ Kg5 36. Qxf3 g2 37. Ne6+ Nxe6 38. Rh5+ Kg6 39.
Qf5#) 35. Qe4+ Rg6 36. Rxh6+ Kxh6 37. Qxf3 $18) 33. Qc5 $1 Re2 (33... g2 34.
Qxf2 gxh1=Q 35. Rxh1 Qd7 36. Qh4 $8 Ng6 37. e6 $1 $10) (33... Rh2 $5 {Dautov}
34. Rhe1 g2 35. e6 Rh5 $13) 34. Rd7 g2 35. Rc1 Rxe5 $4 $138 (35... Qh6 36. Nf7+
Rxf7 37. Rxf7 $18) (35... Qg8 $1 $8 36. Qd4 (36. e6 $2 Nxe6 37. Nxe6 Rxe6 38.
Qd4+ Ref6 $19) 36... Ne6 37. Nxe6 Qxe6 (37... Rf1 38. Rd8 (38. Rxh7+ Qxh7 39.
Qd8+ Qg8 40. Qh4+ Qh7 41. Qd8+ $10) 38... Ree1 (38... Rxc1+ 39. Kxc1 Re1+ 40.
Kd2 g1=Q 41. Rxg8+ Qxg8 (41... Kxg8 42. Qd8+ Kf7 43. Qd7+ Kg6 44. Qg7+ Kf5 45.
Qf6+ Kg4 (45... Ke4 46. Ng5+ (46. Ng5+ {Dautov} Kd5 47. Qd6+ Kc4 48. Qc6+ $18))
46. Qg5+ Kf3 47. Qf4+ Kg2 48. Qg4+ $18 (48. Qg4+ Kf2 49. Qh4+ $18)) 42. Kxe1
Qxe6 43. Qd8+ Kg7 44. Qxa5 $18) 39. Rxg8+ Kxg8 40. Qd8+ Kf7 41. Qd7+ Kg6 42.
Qg7+ Kf5 43. Nd4+ Kf4 44. Ne2+ $18) 38. Rd8 (38. Qd3 $1 Qh6 (38... Qg6 39. Qxe2
g1=Q 40. Rxg1 Qxg1+ 41. Rd1) 39. Qxe2 Qxc1+ 40. Kxc1 g1=Q+ 41. Rd1 $16) (38.
Qd3 $16) 38... Rxd8 (38... Rg8 39. Rxg8+ Kxg8 40. Qd8+ Kf7 41. Qd3 Qxe5 42.
Qxh7+ $10) 39. Qxd8+ Kg7 40. Qg5+ $10) 36. Nf7+ Kg8 (36... Qxf7 37. Rxf7 $18) (
36... Rxf7 {Dautov} 37. Rd8+ $18) 37. Nxe5 Qf6 38. Ng4 Qe6 39. Qg5+ Ng6 40.
Rdd1 Kg7 41. Qh6+ Kg8 42. Ne3 1-0

[Event "ISR-ch U20"]
[Site "Israel"]
[Date "2000.04.14"]
[Round "5"]
[White "Postny, Evgeny"]
[Black "Gershon, Alik"]
[Result "0-1"]
[WhiteElo "2425"]
[BlackElo "2471"]
[Annotator "Gershon,A"]
[PlyCount "138"]
[EventDate "2000.04.??"]
[EventType "tourn"]
[EventRounds "1"]
[EventCountry "ISR"]
[SourceTitle "CBM 076"]
[Source "ChessBase"]
[SourceDate "2000.05.31"]
[SourceVersion "1"]
[SourceVersionDate "2000.05.31"]
[SourceQuality "1"]

{This game was played in the 5th round of an Israeli U-20 championship, while
after a loss in the second round I had to win in order to stay in the race for
the gold} 1. d4 f5 2. Bg5 Nf6 3. Bxf6 exf6 4. e3 d5 5. c4 Be6 6. cxd5 $6 Qxd5
7. Nc3 Bb4 8. Nge2 ({A bit better to my taste was:} 8. a3 Bxc3+ 9. bxc3 f4 10.
exf4 (10. c4 Qa5+ 11. Qd2 Qxd2+ 12. Kxd2 fxe3+ 13. fxe3 Nd7 $13) 10... O-O 11.
Nf3 Qa5 12. Qd2 Re8 $44) 8... Bf7 9. Nf4 Qd7 10. Nd3 Bd6 11. Be2 O-O 12. O-O c6
13. Rc1 Na6 (13... Qc7 14. g3 {[%csl Gf5]} (14. Nb5 $2 Bxh2+ 15. Kh1 Qb6 $17))
14. a3 (14. g3 {White should look to prevent black from playing f5-f4 thus
getting rid of his weakness and creating one for white (the 'd4' pawn)} Rad8 {
[%cal Gc6c5]} 15. Qa4 c5 16. Qxd7 Rxd7 17. dxc5 Nxc5 18. Nxc5 Bxc5 19. Rfd1 $11
) 14... Rad8 15. b4 f4 $1 (15... Nc7 {black can be left with no counterplay
and get under an unpleasant pressure after} 16. g3 {[%cal Ge2f3,Gf3g2]}) 16.
Nxf4 (16. exf4 Bb8 17. Nc5 Nxc5 18. dxc5 Bxf4 $17 {White's pawns have gone a
bit too far which leaves black bishops a lot of space for activity.}) 16...
Bxf4 17. Bxa6 bxa6 18. exf4 a5 $1 (18... Qxd4 19. Qa4 {[%csl Ga6,Ga7,Gc6]}) 19.
bxa5 (19. Ne2 axb4 20. axb4 Rb8 21. Rb1 Rfe8 {[%csl Rb4,Rd4,Re2,Rf4][%cal
Gf7c4,Gd7e7] black has a very strong compestation for the pawn which, of
course, suited me.}) 19... Qxd4 20. Qf3 Qc5 21. Nb1 $8 Qd5 22. Qc3 (22. Rxc6
Qxf3 23. gxf3 Rd4 $132) 22... Rd6 23. Qc5 Qxc5 24. Rxc5 {Looks like white has
a good blockade on c5, but in fact black rooks control the more important d
and b files white the bishop can hold both white rooks} Rb8 25. Rfc1 Rb3 26. f5
Kf8 27. h3 Be8 28. a4 {white is a bit short on moves here.} Rd4 29. Nc3 Rb2 {
The idea is to leave white with as little counterplay as possible} 30. Nd1 Rbd2
31. Ne3 Rb4 32. R5c4 Rd4 33. Rxd4 Rxd4 34. Rc4 Rxc4 35. Nxc4 Ke7 36. Kf1 Bf7
37. Nd2 Bd5 $1 38. f3 Kd6 39. Ke2 Kc5 40. Kd3 Kb4 41. a6 (41. Ne4 c5 (41...
Bxe4+ $2 42. fxe4 c5 43. g4 Kb3 44. Kd2 c4 (44... Kc4 45. Ke3 h6 (45... Kc3 46.
e5 fxe5 47. g5 Kb2 48. f6 $18) 46. h4) 45. Kc1 (45. e5 fxe5 46. g5 c3+ (46...
Kb2 47. f6 c3+ 48. Kd3 gxf6 49. gxf6 c2 50. f7 c1=Q $17) 47. Kc1 e4 48. f6 gxf6
49. gxf6 e3 50. f7 e2 $19) 45... Kc3 ({but not:} 45... h6 46. h4 Kc3 47. e5
fxe5 48. g5 hxg5 49. hxg5 e4 50. f6 gxf6 51. gxf6 e3 52. Kd1 Kb2 53. f7 c3 54.
f8=Q c2+ 55. Ke2 c1=Q $11) (45... Kb4 46. Kd2 (46. e5 fxe5 47. g5 Kc5 48. f6
gxf6 49. gxf6 Kd6 $19) 46... c3+ (46... Kc5 $4 47. Kc3 a6 48. h4 h6 49. h5 Kd6
50. Kxc4 Ke5 51. Kc5 Kxe4 52. Kb6 {and white is the one winning}) 47. Kc2 Kc4
48. e5 (48. g5 Kd4 $19) 48... fxe5 49. g5 Kd5 50. Kxc3 e4 51. f6 gxf6 52. gxf6
Ke6 53. Kd4 Kxf6 54. Kxe4 $11) 46. e5 fxe5 47. g5 e4 48. f6 gxf6 49. gxf6 e3
50. Kd1 Kb2 51. f7 c3 52. f8=Q c2+ 53. Ke2 c1=Q $19 {Black will trade the
queens and then simply take the a pawns while he still has the 'h' to win.})
42. Nd6 Kb3 $19) 41... c5 42. Nb1 Bc4+ $6 (42... Kb3 $142) 43. Kc2 Kxa4 $2 {
And this is already a mistake allowing white unnecessary counterchances} (43...
Bf1 $1 44. g4 Bxh3 45. Nc3 Bg2 46. Nd5+ Kxa4 $19 {with an easy win}) 44. Nc3+
Kb4 45. g4 Bxa6 46. Nd5+ Kc4 47. Nc7 Bb7 48. Ne8 Bxf3 49. Nxg7 Be4+ 50. Kb2 Kd5
{the safest way, the only thing black should worry about is not to be left
with B + a pawn against king} 51. Ne6 Kd6 52. h4 Bd5 53. Nf4 h6 54. Nd3 Bf3 55.
Nf2 Ke5 56. Kc3 Be2 57. Kd2 Bc4 58. Kc3 (58. Ke3 a5 59. Ne4 a4 60. Nxc5 a3 $19)
58... Bf1 59. g5 hxg5 60. hxg5 fxg5 61. Ng4+ Kxf5 $1 62. Ne3+ Kf4 63. Nxf1 a5
$1 ({but not} 63... g4 $4 64. Kc4 $11) 64. Nd2 (64. Kc4 a4 $19) 64... g4 65.
Kd3 a4 66. Nc4 Kg3 67. Ke4 Kf2 68. Ne5 g3 69. Nd3+ Kf1 0-1

[Event "Tiraspol"]
[Site "Tiraspol"]
[Date "1994.??.??"]
[Round "3"]
[White "Razuvaev, Yuri S"]
[Black "Zeitlein, Michael"]
[Result "1-0"]
[WhiteElo "2555"]
[BlackElo "2440"]
[Annotator "Glatman,V"]
[PlyCount "107"]
[EventDate "1994.??.??"]
[EventType "tourn"]
[EventRounds "9"]
[EventCountry "MDA"]
[EventCategory "10"]
[SourceTitle "CBM 040"]
[Source "ChessBase"]
[SourceDate "1994.06.01"]
[SourceVersion "1"]
[SourceVersionDate "1994.06.01"]
[SourceQuality "1"]

1. d4 f5 2. Nf3 Nf6 3. Bg5 Ne4 (3... e6 4. Nbd2 d5 (4... Be7 5. Bxf6 Bxf6 6. e4
O-O (6... d6 7. e5 Be7 8. exd6 cxd6 {Goldin,A-Malaniuk,V/JUG/1993/ Inf 58/109/}
9. Bb5+ Bd7 10. Qe2 $14 {Goldin/}) 7. Bd3 Nc6 8. c3 d6 9. Qc2 fxe4 (9... e5 10.
dxe5 Nxe5 11. Nxe5 Bxe5 12. exf5 Qg5 13. O-O $14 {Piskov,Y-Wessman,R/Moscow/
1991/}) 10. Nxe4 h6 11. h4 e5 12. Neg5 d5 13. dxe5 Nxe5 $13 {Hoi,C-Piskov,Y/
Kobenhavn/1991/0:1 (30) Inf 52/100/}) 5. e3 Be7 6. Bd3 O-O 7. c4 c6 8. O-O Nbd7
$6 (8... Ne4 $5) 9. cxd5 exd5 10. Rc1 Nb6 11. Nb3 Na4 12. Qe2 Bd7 13. Ne5 $14 {
Gurevich,D-Vaiser,A/Biel(op)/1991/1:0 (33) Inf 52/99/}) 4. Bf4 (4. h4 c6 (4...
g6 5. Bf4 d6 6. Nbd2 Bg7 7. e3 Nd7 8. Nxe4 fxe4 9. Nd2 Nf6 10. Bc4 (10. h5 $5)
10... c6 11. h5 Bg4 12. f3 exf3 13. gxf3 Bxh5 14. Qe2 Qa5 15. e4 $44 {
Dzindzichashvili,R-Legky,N/St.Maarten/1991/1:0 (40) Inf 51/82/}) 5. c3 Qb6 6.
Qc2 d5 7. Bf4 e6 8. Nbd2 Be7 9. Nxe4 fxe4 10. Ne5 O-O 11. e3 c5 $10 {Peitzsch,
K-Larsen,B/Dortmund/1961/}) 4... e6 5. Nbd2 d5 6. e3 Bd6 (6... Be7 $5 7. c4 c6
8. Be2 O-O 9. O-O Nd7 $13) 7. c4 O-O 8. Be2 Nd7 (8... Bxf4 9. exf4 c6 10. O-O
Nd7 11. Nb3 $14) (8... c6) 9. O-O Ndf6 10. Rc1 (10. Bxd6 cxd6 $1 $10) 10...
Nxd2 (10... c6 11. Bxd6 Qxd6 12. Ne5 Nd7 13. Nd3 $14) 11. Qxd2 Ne4 12. Qc2 c6
13. Bxd6 Qxd6 14. Ne5 $14 Bd7 (14... a5 $5) 15. b4 $1 Be8 16. Qb2 a6 17. a4 Qe7
18. Ra1 (18. c5 $5 Nf6 19. b5 axb5 20. axb5 Nd7 21. Nf3 $14) 18... Nd6 $5 19.
b5 (19. c5 Nf7 20. Nf3 g5 $132) 19... axb5 20. axb5 Rxa1 21. Rxa1 cxb5 (21...
dxc4 22. bxc6 Bxc6 23. Nxc6 bxc6 24. Qb4 $16) 22. cxb5 Nf7 23. g3 (23. Nd3 $5)
23... g5 (23... Nxe5 24. dxe5 Bf7 25. Rc1 $1 Rd8 26. b6 $16) 24. Qa3 Qxa3 25.
Rxa3 Nxe5 26. dxe5 $16 Bd7 27. Ra7 Rb8 28. h3 $1 (28. f4 g4 $14) 28... Kf8 29.
f4 gxf4 (29... h6 30. Kf2 Kf7 31. g4 $1 $16) 30. exf4 Kf7 31. Kf2 Ke8 32. b6 (
32. g4 $1) 32... Bc6 33. g4 fxg4 34. hxg4 d4 (34... Ke7 35. Bd3 (35. Ke3 Rf8
36. Bd3 d4+ $10) 35... Rf8 36. f5 $16) 35. Ra3 Bd5 $6 (35... Rd8 36. Rh3 Be4
37. Bd3 Bxd3 38. Rxd3 Rd5 39. Kf3 Rb5 $16) 36. Bf3 Bxf3 $6 (36... Rd8 $5) 37.
Kxf3 Kd7 (37... Rd8 38. Ke4 Ke7 39. Rd3 $18) 38. Ra4 Kc6 39. Rxd4 Kxb6 40. Rd7
(40. Rd6+ Kc5 41. Rxe6 b5 42. f5 b4 43. f6 b3 44. f7 Rf8 45. Re7 b2 46. Rb7
Rxf7+) 40... Kc5 41. f5 b5 42. fxe6 b4 (42... Kc6 43. Rd6+ Kc7 44. Ke3 b4 45.
Ke4 b3 46. Rd1 b2 47. e7 Re8 48. Rb1 Rxe7 49. Rxb2 $18) 43. e7 Re8 44. Ke4 b3
45. Rb7 Kc6 46. Rxb3 Rxe7 47. Rd3 $18 Rg7 48. Kf5 Rf7+ 49. Ke6 Rg7 50. Rc3+ Kb5
51. Rg3 Kc5 52. Kf6 Rg6+ 53. Kf5 Rg8 54. e6 1-0

[Event "Cappelle op 15th"]
[Site "Cappelle la Grande"]
[Date "1999.02.18"]
[Round "6"]
[White "Kogan, Artur"]
[Black "Gurevich, Mikhail"]
[Result "0-1"]
[WhiteElo "2507"]
[BlackElo "2629"]
[Annotator "Gurevich,M"]
[PlyCount "58"]
[EventDate "1999.02.13"]
[EventType "swiss"]
[EventRounds "9"]
[EventCountry "FRA"]
[SourceTitle "CBM 069"]
[Source "ChessBase"]
[SourceDate "1999.04.01"]
[SourceVersion "1"]
[SourceVersionDate "1999.04.01"]
[SourceQuality "1"]

1. Nf3 d6 2. d4 f5 3. Nc3 Nf6 4. Bg5 d5 5. Ne5 e6 6. g4 Be7 7. gxf5 exf5 8. Qd3
(8. e3 c6 9. Bh3 Be6 10. Ne2 Ne4 11. Bxe7 Qxe7 12. Nf4 O-O 13. Rg1 Nd7 14. Nfd3
Ndf6 15. Qe2 a5 16. f3 Nd6 17. O-O-O) 8... c6 9. f3 (9. O-O-O Ne4 10. Bxe7 Qxe7
11. Nxe4 fxe4 12. Qg3 Nd7) 9... Nh5 10. Bxe7 Qxe7 11. O-O-O f4 12. e4 fxe3 13.
Qxe3 O-O 14. Rg1 Nd7 15. Re1 Nxe5 16. Qxe5 (16. dxe5 Be6 17. Ne2 c5 18. Qh6 Rf5
) 16... Qxe5 17. Rxe5 Bf5 18. Ne2 (18. Re7 Rf7 19. Rxf7 Kxf7 20. Kd2) 18... Bg6
(18... Rae8 19. c4 (19. Ng3 Rxe5 20. dxe5 Nf4) 19... dxc4 20. Ng3 Rxe5 21. dxe5
Nf4) 19. Bh3 (19. Bg2 Rae8) 19... Rxf3 20. Bg4 Rf2 21. Rxh5 Bxh5 22. Bxh5 g6
23. Bg4 Re8 24. Kd1 (24. h4 Rexe2 25. Bxe2 Rxe2) 24... Rxh2 25. b3 Kg7 (25...
h5 26. Bf3 Re3 27. Rf1 (27. Rxg6+ Kf7 28. Rg2 (28. Rg3 Rhxe2 29. Bxh5+ Kf8)
28... Rh3 29. Ng1 Rhxf3 30. Nxf3 Rxf3)) 26. Nf4 Re4 27. Ne6+ Kf6 28. Nc5 Rxd4+
29. Kc1 Rdd2 (29... Rdd2 30. Bd1 b6) 0-1

[Event "Rubinstein Memorial 36th"]
[Site "Polanica Zdroj"]
[Date "1999.08.20"]
[Round "4"]
[White "Kempinski, Robert"]
[Black "Gurevich, Mikhail"]
[Result "0-1"]
[WhiteElo "2549"]
[BlackElo "2643"]
[Annotator "Gurevich,M"]
[PlyCount "78"]
[EventDate "1999.08.17"]
[EventType "tourn"]
[EventRounds "9"]
[EventCountry "POL"]
[EventCategory "15"]
[SourceTitle "CBM 073"]
[Source "ChessBase"]
[SourceDate "1999.12.01"]
[SourceVersion "1"]
[SourceVersionDate "1999.12.01"]
[SourceQuality "1"]

1. d4 {Tyomkin,D. Tyomkin,D} d6 2. Nf3 f5 3. Nc3 Nf6 4. Bg5 d5 5. e3 c6 (5...
e6 6. g4 $5 fxg4 7. Ne5 Be7 8. Bd3 Nbd7 9. Rg1 Nxe5 10. dxe5 Nd7 11. Qxg4 Bxg5
12. Qh5+ g6 13. Bxg6+ $16 {Kempinski,R-Jakubiec,A POL-ch Polanica Zdroj 1999})
6. Bd3 e6 7. g4 $5 {TN} Be7 (7... fxg4 8. Ne5 $36) 8. gxf5 exf5 9. Nh4 $6 (9.
Ne5 O-O {/\10...Ne4}) (9. Rg1 $5) 9... g6 10. Ng2 Ne4 $132 11. Bxe7 Qxe7 12. h4
Nd7 13. Bxe4 $6 (13. h5 g5 14. Qf3 Ndf6 $15) (13. a3 $5 {/\14.Ne2,15.f3}) 13...
fxe4 14. Nf4 Nb6 (14... Nf6 $142 15. Rg1 Bf5 16. Qe2 O-O-O 17. O-O-O Qd7 $15)
15. b3 Bf5 16. a4 $5 O-O-O 17. a5 Nd7 18. Qd2 h6 19. a6 $5 b6 20. Na4 Kb8 (
20... g5 $1 21. Nxd5 (21. Qc3 Qd6 22. Ne2 Bg4 $17) 21... cxd5 22. Qc3+ Kb8 23.
Qc6 Nf6 $17 24. Nxb6 $2 Qb4+ 25. c3 Qxb6 $19) 21. Qc3 Qd6 22. O-O-O g5 23. Ne2
(23. hxg5 hxg5 24. Ng2 Bg4 $17) 23... Bg4 24. Rde1 Bf3 25. Rhg1 $5 (25. Rh3 g4
26. Rg3 Bxe2 27. Rxe2 h5 $17) 25... gxh4 26. Nf4 Rhg8 27. Kb2 h5 (27... Rg5 {
/\28...Rdg8} 28. Nh3 $5 Rxg1 29. Rxg1 $15 (29. Nxg1 Bg4 $19) 29... Be2 30. Nf4
Bxa6 31. Rg6 $132) 28. Rc1 $5 Rg4 29. Qd2 {[/\30.c4<=>]} b5 (29... Rdg8 30.
Rge1) 30. Nc5 $5 Nxc5 31. dxc5 Qe5+ (31... Qxc5 32. Ne6 $13) 32. Ka2 Kc8 $138 (
32... d4 $5 33. c4 Rxg1 34. Rxg1 h3 $5 35. Nxh3 Qxc5 $17) 33. c3 Rd7 34. Rb1
Rdg7 35. Rgc1 {[/\36.c4<=>]} Rd7 36. Rg1 Kd8 37. Rgc1 Ke7 38. Rg1 Ke8 39. Ng6
$2 $138 (39. Rgc1 $17) 39... Qg5 $19 0-1

[Event "Hamburg SKA"]
[Site "Hamburg"]
[Date "1991.07.04"]
[Round "7"]
[White "Wegner, Hannu"]
[Black "Hansen, Curt"]
[Result "0-1"]
[WhiteElo "2435"]
[BlackElo "2565"]
[Annotator "Hansen,Cu"]
[PlyCount "70"]
[EventDate "1991.06.27"]
[EventType "tourn"]
[EventRounds "13"]
[EventCountry "GER"]
[EventCategory "11"]
[SourceTitle "CBM 024"]
[Source "ChessBase"]
[SourceDate "1991.10.01"]
[SourceVersion "1"]
[SourceVersionDate "1991.10.01"]
[SourceQuality "1"]

1. d4 f5 2. Nc3 d5 3. Bg5 h6 4. Bf4 Nf6 5. e3 e6 6. Bd3 Be7 $6 (6... Bd6 7. Nf3
O-O 8. Ne5 Nc6 9. Nxc6 bxc6 10. Na4 Qe7 11. O-O e5 $10 {Soffer,R-Rechlis,G
Bern zt 1990}) 7. Nf3 O-O 8. Nb5 $14 Bd6 (8... Na6 9. c4 {><Sa6}) 9. Bxd6 $2 (
9. c4 $5) (9. Nxd6 cxd6 10. c4 Nc6 11. O-O Qe7 12. Rc1 $14 {/\c5}) 9... cxd6
10. c4 Nc6 11. O-O dxc4 12. Bxc4 a6 13. Nc3 b5 14. Be2 e5 $10 15. dxe5 (15. Rc1
$5 e4 16. Nd2 Ne7 17. a4 bxa4 18. Qxa4 d5 $13) 15... dxe5 16. Qxd8 Rxd8 17.
Rfd1 Be6 $15 {()} 18. Kf1 e4 19. Nd2 Nb4 {><d3,a2} 20. a3 $6 (20. Nb3 Rxd1+ 21.
Bxd1 Bc4+ (21... Nd3 22. Nd4 Bd7 23. Bb3+ Kh7 24. Nd5 $10) 22. Be2 Bxe2+ 23.
Kxe2 Nd3 $15) 20... Nd3 $17 21. Bxd3 Rxd3 22. Ne2 Rad8 23. Ke1 (23. Nd4 Bf7 $17
{/\f4}) 23... Bf7 (23... Ng4 24. Nf4 Nxf2 25. Nxe6 (25. Nxd3 $2 Nxd3+ 26. Ke2
f4 27. h3 Nxb2 28. Rdb1 Nc4 $17 {/\29.Nxe4 Bf5}) 25... Nxd1 26. Rxd1 $8 (26.
Nxd8 Nxe3 27. Ke2 Nxg2 28. Ne6 f4 $17) 26... R8d6 (26... Rxe3+ $2 27. Kf2 Rdd3
28. Nc5) 27. Nc5 $8 (27. Nf4 Rxe3+ 28. Kf2 Rb3 $19) 27... Rxe3+ 28. Kf2 f4 29.
g3 Rf3+ (29... g5 $2 30. gxf4 gxf4 31. Rg1+ Kf7 32. Ndxe4 $16) 30. Nxf3 (30.
Kg2 Rfd3 $1 31. Nxd3 (31. Ncxe4 R6d4 $19) 31... Rxd3 $19 {/\e3}) 30... Rxd1 31.
Nxe4 Rb1 32. b4 Rb2+ 33. Nfd2 fxg3+ 34. hxg3 Ra2 $17) 24. Nf1 Ng4 (24... Rxd1+
25. Rxd1 Rxd1+ 26. Kxd1 Ng4 27. f3 (27. Ke1 $2 Ne5 $19 {/\Nd3+/Nc4}) 27... exf3
28. gxf3 Ne5 29. Nd4 $15) 25. Rxd3 exd3 26. Nd4 (26. Nf4 g5) (26. Neg3 Nxh2 (
26... d2+ $5 27. Nxd2 Nxf2 28. Nxf5 Nd3+)) 26... f4 27. Nf3 Bd5 28. Rc1 $2 (28.
exf4 Re8+ (28... Bxf3 29. gxf3 Re8+ 30. Kd2 Nxf2 31. Ne3 $15) 29. Kd2 Re2+ 30.
Kxd3 Rxf2 $17) (28. Kd2 $8 Nxf2 29. exf4 Bxf3 30. gxf3 Nh3 31. Ke3 Re8+ 32.
Kxd3 Nxf4+ $17 {/\Re2}) 28... fxe3 29. fxe3 Bxf3 30. gxf3 Nxe3 $19 31. Kd2 Nc4+
32. Kc3 Rf8 33. b3 d2 34. Ra1 Rxf3+ 35. Kb4 Rxf1 0-1

[Event "USA-ch"]
[Site "Seattle"]
[Date "2003.01.13"]
[Round "5"]
[White "Pruess, David"]
[Black "Pixton, Aaron"]
[Result "0-1"]
[WhiteElo "2346"]
[BlackElo "2449"]
[Annotator "Hecht,H"]
[PlyCount "90"]
[EventDate "2003.01.09"]
[EventType "swiss"]
[EventRounds "9"]
[EventCountry "USA"]
[SourceTitle "CBM 093"]
[Source "ChessBase"]
[SourceDate "2003.04.01"]
[SourceVersion "1"]
[SourceVersionDate "2003.04.01"]
[SourceQuality "1"]

1. d4 f5 2. Nc3 Nf6 3. Bg5 e6 4. g4 Bb4 5. gxf5 Bxc3+ 6. bxc3 exf5 7. Qd3 h6 8.
Bxf6 Qxf6 9. Bg2 Nc6 10. e3 O-O 11. Ne2 b6 12. Nf4 a5 13. Rg1 Ba6 14. c4 Qd6
15. a3 Kh7 16. h4 a4 17. O-O-O Rae8 18. c5 Qxf4 19. exf4 Bxd3 20. Rxd3 b5 21.
Kd2 Na5 22. Rg3 Nc4+ 23. Kc3 Nxa3 24. Bf1 Rf7 25. Bd3 Nc4 26. Ra1 d5 27. h5 Re6
28. Rag1 Kg8 29. Rg6 Ref6 30. Re1 Kf8 31. Re6 Rxe6 32. Rxe6 Rf6 33. Rxf6+ gxf6
34. Bxf5 Ke7 35. Bd3 c6 36. Kb4 Kd7 37. Bxc4 dxc4 38. f5 Kc7 39. c3 Kb7 40. Ka3
Ka7 41. Kb2 Ka6 42. Ka2 (42. Ka3 Ka5 43. f3 b4+ 44. cxb4+ Kb5) 42... b4 43. Kb2
(43. cxb4 Kb5 $19) 43... Kb5 44. Kc2 a3 45. f3 Ka5 {Der einfache Weg.} ({
Witzig ist aber wegen der Bauerndurchbrüche} 45... b3+ 46. Kb1 a2+ 47. Kb2 Ka4
48. f4 Kb5 49. Ka1 Ka5 50. Kb2 Ka4 51. d5 cxd5 52. c6 d4 53. c7 dxc3+ 54. Ka1
Ka3 55. c8=Q b2#) 0-1